PDC World Darts Championship 2023 - Statistiken

Allgemein
  • Dieses Quiz wurde 293 mal gespielt
  • Das Durchschnittsergebnis liegt bei 54 aus 96
Antwortstatistiken
Spieler % Korrekt
Wales Gerwyn Price
98%
Niederlande Michael van Gerwen
98%
England Michael Smith
96%
Schottland Peter Wright
96%
England Ross Smith
95%
Kanada Jeff Smith
94%
Australien Raymond Smith
94%
Schottland Gary Anderson
93%
Deutschland Gabriel Clemens
92%
Deutschland Martin Schindler
92%
Wales Jonny Clayton
90%
Belgien Dimitri Van den Bergh
89%
Österreich Mensur Suljović
87%
England James Wade
85%
Portugal José de Sousa
85%
England Rob Cross
84%
Australien Simon Whitlock
84%
Polen Krzysztof Ratajski
83%
Belgien Kim Huybrechts
82%
Australien Damon Heta
81%
England Luke Humphries
81%
Niederlande Danny Noppert
80%
Deutschland Florian Hempel
80%
England Nathan Aspinall
80%
Nordirland Daryl Gurney
79%
Niederlande Dirk van Duijvenbode
79%
Österreich Rowby-John Rodriguez
79%
Niederlande Raymond van Barneveld
78%
England Joe Cullen
77%
Nordirland Josh Rock
73%
Nordirland Brendan Dolan
71%
England Dave Chisnall
70%
Litauen Darius Labanauskas
69%
Lettland Madars Razma
68%
Irland William O’Connor
67%
England Stephen Bunting
64%
England Chris Dobey
62%
Kroatien Boris Krčmar
60%
England Ryan Searle
60%
Niederlande Vincent van der Voort
59%
England Adrian Lewis
58%
Tschechien Adam Gawlas
56%
Wales Jim Williams
56%
Wales Lewy Williams
56%
England Scott Williams
56%
Schottland Alan Soutar
55%
England Fallon Sherrock
53%
Niederlande Jermaine Wattimena
53%
Irland Keane Barry
52%
Belgien Mike De Decker
51%
Tschechien Karel Sedláček
49%
England Mervyn King
48%
USA Leonard Gates
47%
England Andrew Gilding
46%
England Callan Rydz
46%
Brasilien Diogo Portela
46%
Kanada Matt Campbell
46%
Schweden Daniel Larsson
45%
England Beau Greaves
44%
USA Danny Baggish
43%
Philippinen Christian Perez
42%
Spanien José Justicia
42%
England Lisa Ashton
42%
Nordirland Mickey Mansell
42%
Polen Sebastian Białecki
41%
Philippinen Lourence Ilagan
40%
Niederlande Martijn Kleermaker
40%
England Martin Lukeman
40%
England Luke Woodhouse
39%
Neuseeland Ben Robb
36%
Schottland Cameron Menzies
36%
England Ricky Evans
36%
England Ryan Joyce
35%
England Steve Beaton
35%
Niederlande Danny Jansen
33%
Kanada David Cameron
33%
Indien Prakash Jiwa
33%
Wales Richie Burnett
32%
England Ritchie Edhouse
32%
Japan Tōru Suzuki
31%
Niederlande Jimmy Hendriks
29%
Niederlande Niels Zonneveld
29%
England Ryan Meikle
29%
Niederlande Danny van Trijp
28%
Niederlande Geert Nentjes
28%
England Jamie Hughes
28%
England Keegan Brown
28%
Irland John O’Shea
27%
Nordirland Nathan Rafferty
25%
Japan Nobuhiro Yamamoto
23%
Australien Mal Cuming
21%
Philippinen Paolo Nebrida
21%
Südafrika Grant Sampson
20%
Wales Robert Owen
20%
Ukraine Wladislaw Omeltschenko
20%
China Han Xicheng
15%
Keine übereinstimmenden Quizze gefunden
Verteilung der Resultate
Anzahl Personen mit jedem Resultat
Perzentil nach korrekt beantworteten Fragen
Ihre Resultats-Entwicklung
Sie haben dieses Quiz noch nicht gespielt